000 00531nam a2200157Ia 4500
008 210716s2006 xx 000 0 und d
020 _a0749445661
041 _aeng
082 _a658.802 LEHJ
100 _aLehu, Jean-Marc.
245 _aBrand rejuvenation: how to protect strengthen and add value to your brand to prvent it from ageing.
_bHow to protect strengthen and add value to your brand to prvent it from ageing.
250 _a1
260 _aLondon
_bKogan Page
_c2006
300 _axii,252
650 _aRural Marketing
999 _c201710
_d201710